Combien de ville de l'Eure et Loir (28) connais-tu ? - Statistiques

Statistiques générales
  • Ce quiz a été pris 48 fois
  • Le résultat moyen est 33 sur 365
Statistiques - réponses
Code postal Ville % Correct
28019 Chartres
95%
28100 Dreux
85%
28110 Lucé
75%
28200 Châteaudun
50%
28630 Barjouville
45%
28600 Luisant
45%
28300 Mainvilliers
45%
28260 Anet
40%
28160 Brou
40%
28300 Lèves
40%
28400 Nogent-le-Rotrou
40%
28500 Vernouillet
40%
28133 Maintenon
35%
28210 Nogent-le-Roi
35%
28300 Amilly
30%
28120 Bailleau-le-Pin
30%
28800 Bonneval
30%
28410
30%
28300 Champhol
30%
28230 Épernon
30%
28120 Illiers-Combray
30%
28190 Chuisnes
25%
28190 Courville-sur-Eure
25%
28630 Fontenay-sur-Eure
25%
28300 Jouy
25%
28630 Morancez
25%
28130 Saint-Piat
25%
28300 Saint-Prest
25%
28410 Abondant
20%
28300 Bailleau-l'Évêque
20%
28700 Béville-le-Comte
20%
28270 Brezolles
20%
28410 Broué
20%
28630 Coudray
20%
28250 Digny
20%
28320 Gallardon
20%
28310 Janville-en-Beauce
20%
28240 Loupe
20%
28630 Nogent-le-Phaye
20%
28120 Nogent-sur-Eure
20%
28130 Pierres
20%
28190 Saint-Georges-sur-Eure
20%
28250 Senonches
20%
28310 Toury
20%
28500 Allainville
15%
28800 Alluyes
15%
28700 Aunay-sous-Auneau
15%
28330 Authon-du-Perche
15%
28320 Bailleau-Armenonville
15%
28310 Baudreville
15%
28630 Berchères-les-Pierres
15%
28130 Bouglainval
15%
28240 Champrond-en-Gâtine
15%
28400 Champrond-en-Perchet
15%
28120 Charonville
15%
28170 Châteauneuf-en-Thymerais
15%
28700 Châtenay
15%
28210 Chaudon
15%
28300 Coltainville
15%
28190 Dangers
15%
28190 Fontaine-la-Guyon
15%
28160 Frazé
15%
28240 Friaize
15%
28320 Gas
15%
28300 Gasville-Oisème
15%
28630 Gellainville
15%
28500 Luray
15%
28300 Poisvilliers
15%
28700 Santeuil
15%
28130 Soulaires
15%
28630 Sours
15%
28700 Umpeau
15%
28240 Vaupillon
15%
28150 Allonnes
10%
28400 Arcisses
10%
28700 Ardelu
10%
28480 Argenvilliers
10%
28700 Auneau-Bleury-Saint-Symphorien
10%
28330 Autels-Villevillon
10%
28310 Barmainville
10%
28330 Bazoche-Gouet
10%
28140 Bazoches-en-Dunois
10%
28270 Beauche
10%
28240 Belhomert-Guéhouville
10%
28120 Blandainville
10%
28340 Boissy-lès-Perche
10%
28150 Boisville-la-Saint-Père
10%
28150 Boncé
10%
28210 Boullay-Thierry
10%
28410 Boutigny-Prouais
10%
28800 Bouville
10%
28300 Briconville
10%
28120 Cernay
10%
28330 Chapelle-Guillaume
10%
28290 Chapelle-Royale
10%
28270 Châtaincourt
10%
28120 Chauffours
10%
28300 Cintray
10%
28300 Clévilliers
10%
28200 Conie-Molitard
10%
28630 Corancez
10%
28140 Cormainville
10%
28270 Crucey-Villages
10%
28360 Dammarie
10%
28160 Dangeau
10%
28200 Donnemain-Saint-Mamès
10%
28230 Droue-sur-Drouette
10%
28500 Écluzelles
10%
28150 Éole-en-Beauce
10%
28120 Ermenonville-la-Grande
10%
28120 Ermenonville-la-Petite
10%
28800 Flacey
10%
28700 Francourville
10%
28190 Fruncé
10%
28500 Germainville
10%
28310 Gommerville
10%
28260 Guainville
10%
28310 Guilleville
10%
28130 Hanches
10%
28130 Houx
10%
28200 Jallans
10%
28250 Jaudrais
10%
28190 Landelles
10%
28170 Maillebois
10%
28120 Méréglise
10%
28630 Mignières
10%
28800 Montboissier
10%
28150 Ouarville
10%
28260 Oulins
10%
28190 Pontgouin
10%
28360 Prunay-le-Gillon
10%
28190 Saint-Arnoult-des-Bois
10%
28300 Saint-Aubin-des-Bois
10%
28200 Saint-Christophe
10%
28240 Saint-Éliph
10%
28120 Saint-Éman
10%
28130 Saint-Martin-de-Nigelles
10%
28700 Sainville
10%
28120 Sandarville
10%
28260 Saussay
10%
28410 Serville
10%
28480 Thiron-Gardais
10%
28630 Thivars
10%
28200 Thiville
10%
28160 Unverre
10%
28220 Vald'Yerre
10%
28630 Ver-lès-Chartres
10%
28200 Villampuy
10%
28190 Villebon
10%
28360 Vitray-en-Beauce
10%
28160 Yèvres
10%
28170 Ardelles
5%
28500 Aunay-sous-Crécy
5%
28140 Baigneaux
5%
28140 Bazoches-les-Hautes
5%
28480 Beaumont-les-Autels
5%
28150 Beauvilliers
5%
28300 Berchères-Saint-Germain
5%
28260 Berchères-sur-Vesgre
5%
28270 Bérou-la-Mulotière
5%
28330 Béthonvilliers
5%
28190 Billancelles
5%
28500 Boissy-en-Drouais
5%
28260 Boncourt
5%
28170 Boullay-les-Deux-Églises
5%
28210 Boullay-Mivoye
5%
28360 Bourdinière-Saint-Loup
5%
28210 Bréchamps
5%
28800 Bullainville
5%
28300 Challet
5%
28700 Chapelle-d'Aunainville
5%
28340 Chapelle-Fortin
5%
28500 Charpont
5%
28130 Chartainvilliers
5%
28480 Chassant
5%
28120 Châtelliers-Notre-Dame
5%
28500 Cherisy
5%
28480 Combres
5%
28330 Coudray-au-Perche
5%
28210 Coulombs
5%
28140 Courbehaye
5%
28210 Croisilles
5%
28160 Dampierre-sous-Brou
5%
28700 Denonville
5%
28120 Épeautrolles
5%
28270 Escorpain
5%
28190 Favril
5%
28240 Fontaine-Simon
5%
28140 Fontenay-sur-Conie
5%
28250 Framboisière
5%
28360 Fresnay-le-Comte
5%
28300 Fresnay-le-Gilmert
5%
28310 Fresnay-l'Évêque
5%
28500 Garnay
5%
28400 Gaudaine
5%
28260 Gilles
5%
28160 Gohory
5%
28410 Goussainville
5%
28700 Gué-de-Longroi
5%
28140 Guillonville
5%
28480 Happonvilliers
5%
28410 Havelu
5%
28700 Houville-la-Branche
5%
28310 Intréville
5%
28270 Laons
5%
28700 Léthuin
5%
28310 Levesville-la-Chenard
5%
28210 Lormaye
5%
28500 Louvilliers-en-Drouais
5%
28250 Louvilliers-lès-Perche
5%
28480 Luigny
5%
28360 Luplanté
5%
28120 Magny
5%
28700 Maisons
5%
28270 Mancelière
5%
28240 Manou
5%
28200 Marboué
5%
28120 Marchéville
5%
28240 Meaucé
5%
28310 Mérouville
5%
28120 Meslay-le-Grenet
5%
28500 Mézières-en-Drouais
5%
28480 Miermaigne
5%
28700 Moinville-la-Jeulin
5%
28200 Moléans
5%
28800 Montharville
5%
28120 Montigny-le-Chartif
5%
28240 Montireau
5%
28240 Montlandon
5%
28800 Moriers
5%
28340 Morvilliers
5%
28160 Mottereau
5%
28160 Moulhard
5%
28150 Moutiers
5%
28210 Néron
5%
28310 Neuvy-en-Beauce
5%
28800 Neuvy-en-Dunois
5%
28120 Nonvilliers-Grandhoux
5%
28140 Nottonville
5%
28310 Oinville-Saint-Liphard
5%
28120 Ollé
5%
28140 Orgères-en-Beauce
5%
28210 Ormoy
5%
28190 Orrouer
5%
28700 Oysonville
5%
28140 Péronville
5%
28150 Prasville
5%
28270 Prudemanche
5%
28250 Puisaye
5%
28150 Réclainville
5%
28340 Ressuintes
5%
28270 Revercourt
5%
28700 Roinville
5%
28270 Rueil-la-Gadelière
5%
28120 Saint-Avit-les-Guespières
5%
28240 Saint-Denis-des-Puits
5%
28200 Saint-Denis-Lanneray
5%
28500 Sainte-Gemme-Moronval
5%
28190 Saint-Germain-le-Gaillard
5%
28480 Saintigny
5%
28400 Saint-Jean-Pierre-Fixte
5%
28700 Saint-Léger-des-Aubées
5%
28350 Saint-Lubin-des-Joncherets
5%
28210 Saint-Lucien
5%
28190 Saint-Luperce
5%
28170 Saint-Maixme-Hauterive
5%
28800 Saint-Maur-sur-le-Loir
5%
28380 Saint-Rémy-sur-Avre
5%
28240 Saint-Victor-de-Buthon
5%
28800 Sancheville
5%
28250 Saucelle
5%
28500 Saulnières
5%
28800 Saumeray
5%
28170 Serazereux
5%
28400 Souancé-au-Perche
5%
28360 Theuville
5%
28240 Thieulin
5%
28170 Thimert-Gâtelles
5%
28310 Trancrainville
5%
28170 Tremblay-les-Villages
5%
28500 Tréon
5%
28400 Trizay-Coutretot-Saint-Serge
5%
28800 Trizay-lès-Bonneval
5%
28500 Vert-en-Drouais
5%
28480 Vichères
5%
28700 Vierville
5%
28120 Vieuvicq
5%
28150 Villages Vovéens
5%
28150 Villars
5%
28210 Villemeux-sur-Eure
5%
28700 Voise
5%
28150 Ymonville
5%
28700 Champseru
0%
28200 Chapelle-du-Noyer
0%
28500 Chapelle-Forainvilliers
0%
28330 Charbonnières
0%
28270 Châtelets
0%
28260 Chaussée-d'Ivry
0%
28220 Cloyes-les-Trois-Rivières
0%
28240 Corvées-les-Yys
0%
28500 Crécy-Couvé
0%
28480 Croix-du-Perche
0%
28140 Dambron
0%
28350 Dampierre-sur-Avre
0%
28800 Dancy
0%
28320 Écrosnes
0%
28330 Étilleux
0%
28210 Faverolles
0%
28170 Favières
0%
28340 Ferté-Vidame
0%
28270 Fessanvilliers-Mattanvilliers
0%
28170 Fontaine-les-Ribouts
0%
28700 Garancières-en-Beauce
0%
28500 Garancières-en-Drouais
0%
28800 Gault-Saint-Denis
0%
28310 Gouillons
0%
28340 Lamblore
0%
28700 Levainville
0%
28200 Logron
0%
28140 Loigny-la-Bataille
0%
28150 Louville-la-Chenard
0%
28140 Lumeau
0%
28410 Marchezais
0%
28400 Marolles-les-Buis
0%
28500 Marville-Moutiers-Brûlé
0%
28360 Meslay-le-Vidame
0%
28260 Mesnil-Simon
0%
28250 Mesnil-Thomas
0%
28130 Mévoisins
0%
28190 Mittainvilliers-Vérigny
0%
28700 Mondonville-Saint-Jean
0%
28270 Montigny-sur-Avre
0%
28500 Montreuil
0%
28700 Morainville
0%
28700 Oinville-sous-Auneau
0%
28500 Ouerre
0%
28210 Pinthières
0%
28310 Poinville
0%
28140 Poupry
0%
28800 Pré-Saint-Évroult
0%
28800 Pré-Saint-Martin
0%
28170 Puiseux
0%
28340 Rohaire
0%
28310 Rouvray-Saint-Denis
0%
28260 Rouvres
0%
28170 Saint-Ange-et-Torçay
0%
28330 Saint-Bomer
0%
28170 Saint-Jean-de-Rebervilliers
0%
28210 Saint-Laurent-la-Gâtine
0%
28270 Saint-Lubin-de-Cravant
0%
28410 Saint-Lubin-de-la-Haye
0%
28240 Saint-Maurice-Saint-Germain
0%
28260 Saint-Ouen-Marchefroy
0%
28170 Saint-Sauveur-Marville
0%
28310 Santilly
0%
28210 Senantes
0%
28260 Sorel-Moussel
0%
28140 Terminiers
0%
28140 Tillay-le-Péneux
0%
28140 Varize
0%
28200 Villemaury
0%
28130 Villiers-le-Morhier
0%
28800 Villiers-Saint-Orien
0%
28130 Yermenonville
0%
28320 Ymeray
0%
Aucun quiz correspondant
Distribution des résultats
% des personnes avec chaque résultat
Percentile par nombre de réponses
Votre historique - résultats
Vous n’avez pas pris ce quiz